00690nam a2200205 a 45000010005000000030009000050080041000140200015000550400028000700820017000981000037001152450071001522600030002233000010002534900033002635050073002966500030003696500039003996500046004384927CO-ViMGA141112s2004 ck r 000 u spa d a9586480054 aCO-ViMGAbspacCO-ViMGA04a338.196 P6571 aPontificia Universidad Javeriana10aTres estudios sobre la comercialización de alimentos en Colombia aBogotá : bEcoe, c1991 a320 p aInvestigación y desarrollo aAnalisis cuantitativo de la concentracion en el mercado mayorista 7314aALIMENTOS - MERCADOTECNIA14aINDUSTRIAS ALIMENTICIAS - COLOMBIA14aPRODUCTOS AGRICOLAS - COMERCIO - COLOMBIA